000 00969nab a22002777a 4500
003 BR-BrBNA
005 20240225195641.0
008 240225b bl.||||| |||| 00| 0 por d
040 _aBR-BrBNA
_bpor
072 _aF01 ; F62 ; Q60
_b2760
100 _aGodoy, Sônia Maria de
100 _aBrilho, Roberto Corte (cons.)
245 _aPlantio de fumo
500 _a1 ref.; 1 illus.
650 _aFUMO
650 _aTABACO
650 _aPLANTA PRODUTORA DE DROGA
650 _aNICOTINA
650 _aFUMO DE CORDA
650 _aPRÁTICA CULTURAL
650 _aADUBAÇÃO
650 _aCOLHEITA
773 0 _01330
_9275250
_dCampinas-SP Coordenadoria de Assistência Técnica Integral - CATI - Centro de Comunicação Rural e Treinamento - CECORT 1979. Data final de publicação em 1990
_o2023-437056
_tCasa da Agricultura (Brazil)
_x0100-6541
_gv. 2(4) p. 14-16 (Jul-Aug 1980)
_wBR2023002418
942 _cAnalítica
999 _c298593
_d298593